000 00783nam a2200205 a 4500
008 120416s1995 ||||||||||||||||| || u
020 _a0750620854
050 _aQA 76.76.W56 Sto
100 _aStott, Bill
245 1 0 _aBreaking into windows-for windows 95 and office 95
246 _afor Windows 95 and Office 95 /
260 _aOxford :
_bButterworth-Heinemann
_c1995.
300 _axvi, 467 p. : ill.
350 _a0.00
490 _aComputer weekly professional series
650 _aMICROSOFT WINDOWS (COMPUTER FILE)
650 _aMICROSOFT OFFICE
650 0 _aOPERATING SYSTEMS--COMPUTERS
995 _D0.00
_FCBU-MAIN LIBRARY (Kitwe)
_H1
_I30.00
_M1
_UAVAILABLE
_WMay 22, 2006
_ZMain Library Open Access Collection
999 _c36105
_d36105